000 00272nam a2200109Ia 4500
008 230627s9999 xx 000 0 und d
041 _amar
082 _a344.01
_bPAT
100 _aPatel D. A.
245 _aLaw Of Industrial Disputes
260 _aPune
_bHind Law House
_c2004
999 _c690550
_d690550